00568 2200193 4500001002100000008004100021035002000062245009000082100002400172250001000196260003800206300002800244020002200272084001600294520002600310082001000336650001700346990001100363INLIS000000000014835 ind  a0010-1022000153 aJalalluddin Bumi:bSang Maestro Cinta IlahicMahbub Djamaluddin;penyunting, Qin Mahdy aMAHMUB, Djamaluddin acet.1 aDepok :bSenja Media Utama,c2022 a113 hlm.: ilus.c21 cm. a978-602-71822-7-1 a297.5 MAH j aBibliografi.: 109-110 a297.5 aISLAM.AKHLAK a9693 b